000 00330nam a2200157Ia 4500
100 _aBooch G
250 _a2
942 _cBK
654 _aComputer
245 _aObject Oriented Analysis & design
260 _bAddison Wesly
_aCalifornia
_c1994
082 _a5.11
_bBOO
300 _a589
546 _aENGLISH
999 _c28540
_d28540